000 00196 a2200097 4500
001 13570
100 _aOrgansri A.F.R
245 _aWorld polities
260 _aLondon
_b
_c
090 _c10573
_d10573
942 _aNUST-CAE
_cM
_c640
999 _c248643
_d248643